<?xml version="1.0" encoding="UTF-8"?>
<record
    xmlns:xsi="http://www.w3.org/2001/XMLSchema-instance"
    xsi:schemaLocation="http://www.loc.gov/MARC21/slim http://www.loc.gov/standards/marcxml/schema/MARC21slim.xsd"
    xmlns="http://www.loc.gov/MARC21/slim">

  <leader>00329nam a22001097a 4500</leader>
  <datafield tag="999" ind1=" " ind2=" ">
    <subfield code="c">7740</subfield>
    <subfield code="d">7740</subfield>
  </datafield>
  <controlfield tag="008">190314b           ||||| |||| 00| 0 eng d</controlfield>
  <datafield tag="082" ind1=" " ind2=" ">
    <subfield code="a">336.5498 T97t 2018 </subfield>
  </datafield>
  <datafield tag="245" ind1=" " ind2=" ">
    <subfield code="a">25 years ;</subfield>
    <subfield code="b">Royal Securities exchange of Bhutan.</subfield>
  </datafield>
  <datafield tag="260" ind1=" " ind2=" ">
    <subfield code="a">Thimphu ;</subfield>
    <subfield code="b">Royal Securities Exchange of Bhutan,</subfield>
    <subfield code="c">2018.</subfield>
  </datafield>
  <datafield tag="300" ind1=" " ind2=" ">
    <subfield code="a">187 p.</subfield>
    <subfield code="c">26 cm.</subfield>
  </datafield>
  <datafield tag="942" ind1=" " ind2=" ">
    <subfield code="2">ddc</subfield>
  </datafield>
  <datafield tag="952" ind1=" " ind2=" ">
    <subfield code="0">0</subfield>
    <subfield code="1">0</subfield>
    <subfield code="2">ddc</subfield>
    <subfield code="4">0</subfield>
    <subfield code="7">0</subfield>
    <subfield code="8">MAIN</subfield>
    <subfield code="a">RTCLIB</subfield>
    <subfield code="b">RTCLIB</subfield>
    <subfield code="c">MAIN</subfield>
    <subfield code="d">2019-03-14</subfield>
    <subfield code="h">13552</subfield>
    <subfield code="l">1</subfield>
    <subfield code="o">336.5498 YEA</subfield>
    <subfield code="p">30013416</subfield>
    <subfield code="r">2019-04-01 00:00:00</subfield>
    <subfield code="s">2019-03-21</subfield>
    <subfield code="w">2019-03-14</subfield>
    <subfield code="y">MAIN</subfield>
  </datafield>
  <datafield tag="952" ind1=" " ind2=" ">
    <subfield code="0">0</subfield>
    <subfield code="1">0</subfield>
    <subfield code="2">ddc</subfield>
    <subfield code="4">0</subfield>
    <subfield code="7">0</subfield>
    <subfield code="8">MAIN</subfield>
    <subfield code="a">RTCLIB</subfield>
    <subfield code="b">RTCLIB</subfield>
    <subfield code="c">MAIN</subfield>
    <subfield code="d">2019-03-14</subfield>
    <subfield code="h">13553</subfield>
    <subfield code="l">1</subfield>
    <subfield code="o">336.5498  YEA</subfield>
    <subfield code="p">30013322</subfield>
    <subfield code="r">2019-04-02 00:00:00</subfield>
    <subfield code="s">2019-03-28</subfield>
    <subfield code="w">2019-03-14</subfield>
    <subfield code="y">MAIN</subfield>
  </datafield>
  <datafield tag="952" ind1=" " ind2=" ">
    <subfield code="0">0</subfield>
    <subfield code="1">0</subfield>
    <subfield code="2">ddc</subfield>
    <subfield code="4">0</subfield>
    <subfield code="7">0</subfield>
    <subfield code="8">MAIN</subfield>
    <subfield code="a">RTCLIB</subfield>
    <subfield code="b">RTCLIB</subfield>
    <subfield code="c">MAIN</subfield>
    <subfield code="d">2019-03-14</subfield>
    <subfield code="h">13554</subfield>
    <subfield code="l">0</subfield>
    <subfield code="o">336.5498  YEA</subfield>
    <subfield code="p">30013742</subfield>
    <subfield code="r">2019-03-14 00:00:00</subfield>
    <subfield code="w">2019-03-14</subfield>
    <subfield code="y">MAIN</subfield>
  </datafield>
  <datafield tag="952" ind1=" " ind2=" ">
    <subfield code="0">0</subfield>
    <subfield code="1">0</subfield>
    <subfield code="2">ddc</subfield>
    <subfield code="4">0</subfield>
    <subfield code="7">0</subfield>
    <subfield code="8">MAIN</subfield>
    <subfield code="a">RTCLIB</subfield>
    <subfield code="b">RTCLIB</subfield>
    <subfield code="c">MAIN</subfield>
    <subfield code="d">2021-07-02</subfield>
    <subfield code="h">16058</subfield>
    <subfield code="l">0</subfield>
    <subfield code="o">336.5498 YEA</subfield>
    <subfield code="p">30015062</subfield>
    <subfield code="r">2021-07-02 00:00:00</subfield>
    <subfield code="w">2021-07-02</subfield>
    <subfield code="y">MAIN</subfield>
  </datafield>
</record>
